00559 a2200217 4500260001100000630007300011037001200084650002800096100002100124260001200145245003800157300001000195650005600205260000900261300001100270100000700281440001300288037001100301037001100312020001800323 aCanada a62 - Ingéniririe. Art de l'ingénieur. Technologie en général b2, CIUF a6 - SCIENCES APPLIQUEES aSohier, Danny-J. bLogique aInternet le guide de l'internaute a570p. aInternet. Informatique : résau et télématique c2000 b23 cm. lFr aInternet aS 8174 aS 8175 a2-89381-736-x